Winning Song in Eurovision Each Year - Statistics

General Stats
  • This quiz has been taken 12 times
  • The average score is 32 of 68
Answer Stats
Country Year Song % Correct
Sweden 2012 Euphoria
100%
Norway 2009 Fairytale
89%
Sweden 2015 Heroes
89%
Denmark 2013 Only Teardrops
89%
Austria 2014 Rise Like a Phoenix
89%
Sweden 2023 Tattoo
89%
Switzerland 2024 The Code
89%
Ukraine 2016 1944
78%
Netherlands 2019 Arcade
78%
Finland 2006 Hard Rock Hallelujah
78%
Germany 2010 Satellite
78%
Ukraine 2022 Stefania
78%
Israel 2018 Toy
78%
Sweden 1974 Waterloo
78%
Israel 1998 Diva
67%
Turkey 2003 Everyway That I Can
67%
Ireland 1987 Hold Me Now
67%
Greece 2005 My Number One
67%
Italy 2021 Zitti e buoni
67%
Russia 2008 Believe
56%
United KingdomSpain Netherlands France* 1969 Boom Bang-a-bangVivo Cantando De Troubadour Un Jour, Un Enfant
56%
Denmark 2000 Fly On The Wings of Love
56%
Norway 1985 La det swinge
56%
Serbia 2007 Molitva
56%
Norway 1995 Nocturne
56%
Azerbaijan 2011 Running Scared
56%
Portugal 2017 Amar Pelos Dois
44%
Estonia 2001 Everybody
44%
Israel 1979 Hallelujah
44%
Italy 1990 Insieme: 1992
44%
Latvia 2002 I Wanna
44%
Belgium 1986 J'aime la vie
44%
United Kingdom 1997 Love Shine a Light
44%
Switzerland 1988 Ne partez pas sans moi
44%
United Kingdom 1967 Puppet on a String
44%
Switzerland 1956 Refrain
44%
United Kingdom 1976 Save Your Kisses for Me
44%
Ireland 1996 The Voice
44%
Ireland 1980 What's Another Year
44%
Ukraine 2004 Wild Dances
44%
Israel 1978 A-Ba-Ni-Bi
33%
Denmark 1963 Dansevise
33%
Netherlands 1959 Een beetje
33%
Germany 1982 Ein bißchen Frieden
33%
Sweden 1991 Fångad Av En Stormvind
33%
Ireland 1993 In Your Eyes
33%
Spain 1968 La, la, la
33%
United Kingdom 1981 Making Your Mind Up
33%
Netherlands 1957 Net als toen
33%
Italy 1964 Non ho l'età
33%
Yugoslavia 1989 Rock Me
33%
Ireland 1994 Rock 'n' Roll Kids
33%
Sweden 1999 Take Me To Your Heaven
33%
France 1960 Tom Pillibi
33%
Ireland 1992 Why Me
33%
Ireland 1970 All Kinds of Everything
22%
Luxembourg 1972 Aprés toi
22%
Netherlands 1975 Ding-a-dong
22%
France 1977 L'Oiseau et l’Enfant
22%
Austria 1966 Merci Chérie
22%
Luxembourg 1965 Poupée de cire, poupée de son
22%
Luxembourg 1983 Si la vie est cadeau
22%
Monaco 1971 Un banc, un arbre, une rue
22%
France 1962 Un premier amour
22%
Sweden 1984 Diggy-loo Diggy-ley
11%
Luxembourg 1973 Tu te reconnaîtras
11%
France 1958 Dos mon amour
0%
Luxembourg 1961 Nous lex amoureux
0%
No matching quizzes found
Score Distribution
Percent of People with Each Score
Percentile by Number Answered
Your Score History
You have not taken this quiz